| 000 | 00727nam a22002177a 4500 | ||
|---|---|---|---|
| 999 |
_c17579 _d17579 |
||
| 003 | AR-CdUCM | ||
| 008 | 190507b ||||| |||| 00| 0 spa d | ||
| 040 |
_aMUNICIPALIDAD PROVINCIAL DEL CUSCO _cBIBLIOTECA MUNICIPAL DEL CUSCO |
||
| 082 |
_a869.913 / _bG68 |
||
| 100 |
_aGómez Carrillo, Enrique _937117 |
||
| 245 | _aCultos profanos / | ||
| 260 |
_aParís : _bGarnier-hermanos, |
||
| 300 |
_a317 páginas ; _c18 cm. |
||
| 500 | _aAntes del titulo, El segundo libro de las crónicas. | ||
| 505 | _aContenido: El culto de la naturaleza - Del éxito -- Del ritmo -- Del esfuerzo ... | ||
| 650 |
_aLiteratura _983 |
||
| 650 |
_aFrancesa _937672 |
||
| 650 |
_aSiglo XX _98 |
||
| 942 |
_2ddc _cLIBROS |
||
| 945 |
_arah _d09/05/2019 |
||